<?xml version="1.0" encoding="UTF-8"?>
<record
    xmlns:xsi="http://www.w3.org/2001/XMLSchema-instance"
    xsi:schemaLocation="http://www.loc.gov/MARC21/slim http://www.loc.gov/standards/marcxml/schema/MARC21slim.xsd"
    xmlns="http://www.loc.gov/MARC21/slim">

  <leader>01601nam a2200253   4500</leader>
  <controlfield tag="003">NALT</controlfield>
  <controlfield tag="005">20250911145915.0</controlfield>
  <controlfield tag="008">250909b        th ||||| |||| 00| 0 tha d</controlfield>
  <datafield tag="040" ind1=" " ind2=" ">
    <subfield code="a">NALT</subfield>
  </datafield>
  <datafield tag="050" ind1=" " ind2=" ">
    <subfield code="a">JQ 1746.Z3F6</subfield>
    <subfield code="b">&#xE01;452&#xE2A; 2568</subfield>
  </datafield>
  <datafield tag="110" ind1="2" ind2=" ">
    <subfield code="a">&#xE01;&#xE23;&#xE30;&#xE17;&#xE23;&#xE27;&#xE07;&#xE01;&#xE32;&#xE23;&#xE15;&#xE48;&#xE32;&#xE07;&#xE1B;&#xE23;&#xE30;&#xE40;&#xE17;&#xE28;. </subfield>
    <subfield code="b">&#xE01;&#xE23;&#xE21;&#xE2A;&#xE32;&#xE23;&#xE19;&#xE34;&#xE40;&#xE17;&#xE28;</subfield>
    <subfield code="9">18567</subfield>
  </datafield>
  <datafield tag="245" ind1="1" ind2="0">
    <subfield code="a">&#xE2A;&#xE21;&#xE38;&#xE14;&#xE20;&#xE32;&#xE1E;&#xE17;&#xE35;&#xE48;&#xE23;&#xE30;&#xE25;&#xE36;&#xE01;&#xE40;&#xE19;&#xE37;&#xE48;&#xE2D;&#xE07;&#xE43;&#xE19;&#xE42;&#xE2D;&#xE01;&#xE32;&#xE2A;&#xE04;&#xE23;&#xE1A;&#xE23;&#xE2D;&#xE1A; 150 &#xE1B;&#xE35; &#xE01;&#xE23;&#xE30;&#xE17;&#xE23;&#xE27;&#xE07;&#xE01;&#xE32;&#xE23;&#xE15;&#xE48;&#xE32;&#xE07;&#xE1B;&#xE23;&#xE30;&#xE40;&#xE17;&#xE28; (2418 - 2568) = </subfield>
    <subfield code="b">Photographic album in commemoration of the 150th anniversary of the Ministry of Foreign Affairs (1875 - 2025) /</subfield>
    <subfield code="c">&#xE01;&#xE23;&#xE21;&#xE2A;&#xE32;&#xE23;&#xE19;&#xE34;&#xE40;&#xE17;&#xE28; &#xE01;&#xE23;&#xE30;&#xE17;&#xE23;&#xE27;&#xE07;&#xE01;&#xE32;&#xE23;&#xE15;&#xE48;&#xE32;&#xE07;&#xE1B;&#xE23;&#xE30;&#xE40;&#xE17;&#xE28;. </subfield>
  </datafield>
  <datafield tag="246" ind1="3" ind2="1">
    <subfield code="a">Photographic album in commemoration of the 150th anniversary of the Ministry of Foreign Affairs (1875 - 2025).</subfield>
  </datafield>
  <datafield tag="250" ind1=" " ind2=" ">
    <subfield code="a">&#xE1E;&#xE34;&#xE21;&#xE1E;&#xE4C;&#xE04;&#xE23;&#xE31;&#xE49;&#xE07;&#xE41;&#xE23;&#xE01;.</subfield>
  </datafield>
  <datafield tag="260" ind1=" " ind2=" ">
    <subfield code="a"> &#xE01;&#xE23;&#xE38;&#xE07;&#xE40;&#xE17;&#xE1E;&#xE2F; : </subfield>
    <subfield code="b">&#xE01;&#xE23;&#xE21;&#xE2A;&#xE32;&#xE23;&#xE19;&#xE34;&#xE40;&#xE17;&#xE28; &#xE01;&#xE23;&#xE30;&#xE17;&#xE23;&#xE27;&#xE07;&#xE01;&#xE32;&#xE23;&#xE15;&#xE48;&#xE32;&#xE07;&#xE1B;&#xE23;&#xE30;&#xE40;&#xE17;&#xE28;,</subfield>
    <subfield code="c">2568.</subfield>
  </datafield>
  <datafield tag="300" ind1=" " ind2=" ">
    <subfield code="a">249 &#xE2B;&#xE19;&#xE49;&#xE32; : </subfield>
    <subfield code="b">&#xE20;&#xE32;&#xE1E;&#xE1B;&#xE23;&#xE30;&#xE01;&#xE2D;&#xE1A; ;</subfield>
    <subfield code="c">30 &#xE0B;&#xE21;.</subfield>
  </datafield>
  <datafield tag="610" ind1="2" ind2="4">
    <subfield code="a">&#xE01;&#xE23;&#xE30;&#xE17;&#xE23;&#xE27;&#xE07;&#xE01;&#xE32;&#xE23;&#xE15;&#xE48;&#xE32;&#xE07;&#xE1B;&#xE23;&#xE30;&#xE40;&#xE17;&#xE28;</subfield>
    <subfield code="x">&#xE2B;&#xE19;&#xE31;&#xE07;&#xE2A;&#xE37;&#xE2D;&#xE17;&#xE35;&#xE48;&#xE23;&#xE30;&#xE25;&#xE36;&#xE01;</subfield>
    <subfield code="9">66564</subfield>
  </datafield>
  <datafield tag="650" ind1=" " ind2="4">
    <subfield code="a">&#xE2B;&#xE19;&#xE31;&#xE07;&#xE2A;&#xE37;&#xE2D;&#xE17;&#xE35;&#xE48;&#xE23;&#xE30;&#xE25;&#xE36;&#xE01;</subfield>
    <subfield code="9">59900</subfield>
  </datafield>
  <datafield tag="856" ind1="4" ind2="0">
    <subfield code="u">https://763a073a.flowpaper.com/150thONLINE/#page=1</subfield>
  </datafield>
  <datafield tag="942" ind1=" " ind2=" ">
    <subfield code="2">lcc</subfield>
    <subfield code="c">GB</subfield>
  </datafield>
  <datafield tag="996" ind1=" " ind2=" ">
    <subfield code="a">jidapa.t</subfield>
    <subfield code="b">ACQSTF</subfield>
    <subfield code="c">2025-09-09</subfield>
  </datafield>
  <datafield tag="996" ind1=" " ind2=" ">
    <subfield code="a">varee.k</subfield>
    <subfield code="b">LIBSTF</subfield>
    <subfield code="c">2025-09-09</subfield>
  </datafield>
  <datafield tag="996" ind1=" " ind2=" ">
    <subfield code="a">saiphon.d</subfield>
    <subfield code="b">CATSTF	</subfield>
    <subfield code="c">2025-09-11</subfield>
  </datafield>
  <datafield tag="999" ind1=" " ind2=" ">
    <subfield code="c">107191</subfield>
    <subfield code="d">107191</subfield>
  </datafield>
  <datafield tag="998" ind1=" " ind2=" ">
    <subfield code="j">104</subfield>
    <subfield code="k"> &#xE19;&#xE32;&#xE07;&#xE2A;&#xE32;&#xE27;&#xE2A;&#xE32;&#xE22;&#xE1D;&#xE19;  &#xE14;&#xE35;&#xE07;&#xE32;&#xE21;</subfield>
  </datafield>
  <datafield tag="952" ind1=" " ind2=" ">
    <subfield code="0">0</subfield>
    <subfield code="1">0</subfield>
    <subfield code="2">lcc</subfield>
    <subfield code="4">0</subfield>
    <subfield code="7">0</subfield>
    <subfield code="8">CGBL</subfield>
    <subfield code="a">NALT</subfield>
    <subfield code="b">NALT</subfield>
    <subfield code="c">GEN</subfield>
    <subfield code="d">2025-09-09</subfield>
    <subfield code="e">&#xE2B;&#xE19;&#xE48;&#xE27;&#xE22;&#xE07;&#xE32;&#xE19;&#xE20;&#xE32;&#xE04;&#xE23;&#xE31;&#xE10;</subfield>
    <subfield code="l">0</subfield>
    <subfield code="o">JQ 1746.Z3F6 &#xE01;452&#xE2A; 2568</subfield>
    <subfield code="p">3961215720</subfield>
    <subfield code="r">2025-09-09 00:00:00</subfield>
    <subfield code="w">2025-09-09</subfield>
    <subfield code="y">GB</subfield>
  </datafield>
</record>
